000 01211 a2200289 4500
001 49897
005 20260407155759.0
008 260407a2003 arg spa d
003 AR-UNSa-BCEJYS
040 _aAR-UNSa-BCEJYS
_bspa
_cAR-UNSa-BCEJYS
080 _a504.03
_xAspectos sociales y socioeconómicos del impacto del hombre sobre el medio ambiente. Ecología social ( Economía ambiental)
245 1 0 _aEconomía del medio ambiente
020 _a84-481-3943-7
250 _a3a. ed.
264 1 _aMadrid :
_bMcGraw-Hill
_c2003
300 _axix, 556 p.
_c24 cm.
505 _a1. ¿Qué es la economía ambiental? - 2. Las herramientas analíticas - 3. El análisis ambiental - 4. El análisis de la política ambiental - 5. La política ambiental en Estados Unidos - 6. El medio ambiente en el ámbito internacional.
041 _aspa
942 _cBK
590 _aniveau_biblio:m niveau_hierar:0
100 1 _aField, Barry C.
700 1 _aField, Marta K.
700 1 _aDeocón, Gloria Trinidad
700 1 _aVelázquez Alonso, Esther
700 1 _aAndré García, Francisco Javier
856 4 1 _uhttps://www.biblioeco.unsa.edu.ar/pmb/images/libros/L128223.jpg
_yImagen de portada
_qimage/jpeg
999 _c4911
_d4911